000 01166nam a2200217 a 4500
008 061117s1981 ||||||||||||||||| || u
050 _aGOV.ZAM.N37(058)
110 _aNational Commission for Development Planning (NCDP)
245 1 0 _aThird National Development Plan
246 _aannual report
260 _aLusaka
_bNCDP
_c1981
300 _a310p.; ill.
350 _a0.00
500 _a1981
650 _aECONOMIC DEVELOPMENT PLAN--ZAMBIA
650 0 _aAFRICA--ECONOMIC CONDITIONS
995 _aSPECIAL COLLECTIONS
_D0.00
_eGOV.ZAM.N37(058)
_FCBU-MAIN LIBRARY (Kitwe)
_H1
_I0.00
_jGOV.ZAM.N37(058)
_UAVAILABLE
_WNov 17, 2006
_yZ03001431
_ZZambiana Collection
995 _aSPECIAL COLLECTIONS
_D0.00
_eGOV.ZAM.N37(058)
_FCBU-MAIN LIBRARY (Kitwe)
_H1
_I0.00
_jGOV.ZAM.N37(058)
_UAVAILABLE
_WNov 17, 2006
_yZ03001430
_ZZambiana Collection
995 _aSPECIAL COLLECTIONS
_D0.00
_eGOV.ZAM.N37(058)
_FCBU-MAIN LIBRARY (Kitwe)
_H1
_I0.00
_jGOV.ZAM.N37(058)
_UAVAILABLE
_WNov 17, 2006
_yZ03001433
_ZZambiana Collection
995 _aSPECIAL COLLECTIONS
_D0.00
_eGOV.ZAM.N37(058)
_FCBU-MAIN LIBRARY (Kitwe)
_H1
_I0.00
_jGOV.ZAM.N37(058)
_UAVAILABLE
_WNov 17, 2006
_yZ03001432
_ZZambiana Collection
999 _c81301
_d81301